| 000 | 00885nam a2200217 i 4500 | ||
|---|---|---|---|
| 001 | 146223 | ||
| 003 | ES-MaACL | ||
| 005 | 20250930063125.0 | ||
| 007 | t| | ||
| 008 | 070905s1952 cu ||||1| spa d | ||
| 100 | 1 |
_aTorriente, Cosme de la, _dn. 1872 _9111040 |
|
| 245 | 1 | 0 |
_aCalixto García _b: cooperó con las fuerzas armadas de los EEUU en 1898, cumpliendo ordenes del gobierno cubano / _cdiscurso leido por el Academico de Numero Cosme de la Torriente y Peraza. |
| 260 |
_aLa Habana : _bSiglo XX, _c1952. |
||
| 300 |
_a87 p. ; _c25 cm. |
||
| 500 | _aPrecede al tít.: Academia de la Historia de Cuba. | ||
| 600 | 1 | 4 |
_aGarcía, Calixto _cGeneral ( _d1839-1898) _9159658 |
| 650 | 4 |
_aGuerra hispano-americana, 1898- _xCampañas- _zCuba. _9159659 |
|
| 710 | 2 |
_aAcademia de la Historia de Cuba. _91183 |
|
| 852 |
_aES-MaACL _jC-11254 _bR.34640 |
||
| 999 |
_c146223 _d146223 |
||